Women's Work in Third World Agriculture (Record no. 1457861)

MARC details
000 -LEADER
fixed length control field 00614nam a2200205Ia 4500
005 - DATE AND TIME OF LATEST TRANSACTION
control field 20250923145948.0
008 - FIXED-LENGTH DATA ELEMENTS--GENERAL INFORMATION
fixed length control field 008 250917s9999 xx 000 0 eng d
037 ## - SOURCE OF ACQUISITION
Stock number Textual
040 ## - CATALOGING SOURCE
Original cataloging agency DSWL
Language of cataloging eng
Transcribing agency DSWL
041 ## - LANGUAGE CODE
Language code of text/sound track or separate title eng
Source of code eng
084 ## - COLON CLASSIFICATION NUMBER
Classification number Y150aX8(J):2.4, N85;1
Assigning agency DSWL
100 ## - MAIN ENTRY--PERSONAL NAME
Personal name Mueller, R.D.
9 (RLIN) 840762
245 #0 - TITLE STATEMENT
Title Women's Work in Third World Agriculture
Statement of responsibility, etc. by R.D. Mueller
260 ## - PUBLICATION, DISTRIBUTION, ETC.
Place of publication, distribution, etc. Geneva
Name of publisher, distributor, etc. International Labour Office
Date of publication, distribution, etc. 1994
300 ## - PHYSICAL DESCRIPTION
Extent xi,151 p.
365 ## - TRADE PRICE
Price type code INR
Price amount 637.50
925 ## -
-- 637.50
942 ## - ADDED ENTRY ELEMENTS (KOHA)
Koha item type Textual
Classification part Y150aX8(J):2.4, N85;1
Holdings
Withdrawn status Lost status Damaged status Not for loan Home library Current library Date acquired Source of acquisition Total Checkouts Full call number Barcode Date last seen Price effective from Koha item type
        Department of Social Work Library Department of Social Work Library 2025-09-23 Ankur Book Distributors   Y150aX8(J):2.4, N85;1 SW0026117 2025-09-23 2025-09-23 Textual
Copyright @ Delhi University Library System